Principles of lasers
Salvato in:
| Autore principale: | |
|---|---|
| Natura: | Libro |
| Lingua: | inglese |
| Pubblicazione: |
Nueva York
Plenum Press
1998
|
| Edizione: | 4a. ed |
| Soggetti: | |
| Tags: |
Aggiungi Tag
Nessun Tag, puoi essere il primo ad aggiungerne!!
|
MARC
| LEADER | 00000nam a2200000 a 4500 | ||
|---|---|---|---|
| 001 | UCQ6734 | ||
| 003 | CL-VaPUC | ||
| 008 | 981023e19980000US |||||||||||||||||eng|d | ||
| 082 | 0 | 4 | |a 621.366 |b SVE |2 21 |
| 100 | 0 | |a Svelto, Orazio |e author |9 420638 | |
| 245 | 1 | 0 | |a Principles of lasers |
| 250 | |a 4a. ed | ||
| 300 | |a 604 p | ||
| 942 | |c BK | ||
| 945 | |d 19981023 00:00:00 |a mvenant | ||
| 260 | |a Nueva York |b Plenum Press |c 1998 | ||
| 650 | 7 | |a LASERS |2 CL-VaPUC |9 260160 | |
| 650 | 0 | |a Radiación |9 259874 | |
| 650 | 7 | |a ENERGIA ATOMICA |2 CL-VaPUC |9 354955 | |
| 650 | 7 | |a ELECTRODINAMICA CUANTICA |2 CL-VaPUC |9 316109 | |
| 650 | 0 | |a Termodinámica |9 259320 | |
| 650 | 0 | |a Radioactividad |9 366299 | |
| 650 | 7 | |a RAYO LASER |2 CL-VaPUC |9 420639 | |
| 583 | |a last modification |c 19981023 00:00:00 |k Rodrigo Vera | ||
| 999 | |c 276671 |d 276669 | ||
| 952 | |0 0 |1 0 |4 0 |6 621_366000000000000_SVE_1998 |7 0 |8 A |9 314071 |a BIBING |b BIBING |d 2019-11-20 |i 3473597 |o 621.366 SVE 1998 |p 3473597 |r 2025-01-20 |w 2019-11-20 |y BK |k EIE | ||